Word Ladder: Todd Rundgren's Preferred Activity Quiz Stats

 Plays Quiz Updated Dec 6, 2018

Support Sporcle.
Go Orange.
Score 0/30 Timer 02:00
0 Plays Today
Hint Word % Correct
FinishedDONE
95.9%
Copenhagen residentDANE
94.2%
♫ DESIRE (TO) ♫♫ WANT ♫
93.7%
Diminish, like the moonWANE
92.7%
Witch's nose featureWART
92.3%
♫ (I) DO NOT ♫♫ DON'T ♫
84.6%
TwilightDUSK
84.4%
CD or DVDDISK
84.1%
Sneeze producerDUST
79.3%
Played a bell or called on the phoneRANG
76.9%
Bird billBEAK
75.5%
Drum rhythmBEAT
75.2%
Spoiled childBRAT
74.7%
Behind the frontBACK
74%
DepositoryBANK
72.3%
Hint Word % Correct
Boogie Nights' ____ DigglerDIRK
72.2%
Nerd or geek synonymDORK
71.1%
♫ POUND (ON) ♫♫ BANG ♫
70.9%
Guitar legend Jeff ____BECK
70.6%
Sharply curvedBENT
70.4%
Speak wildly, with 'rave'RANT
70.3%
'Seasons of Love' musicalRENT
68.2%
♫ EFFORT ♫♫ WORK ♫
67.8%
♫ (THE) PERCUSSION INSTRUMENT ♫♫ DRUM ♫
67.5%
Beer brewing stageWORT
66%
Mild expletiveDRAT
63%
The Beatles' drummer before StarrBEST
60.9%
Wee pour of scotchDRAM
59.9%
♫ (I) SIMPLY ♫♫ JUST ♫
59.9%
Humorous commentJEST
58.7%

Today's Daily Dose

Missing Word
50 Cent Songs

Word Ladder
Close Gunshot

Quick Pick
Pop Punk Bands

Get the Picture
An 'S' in Disney

From the Vault

Family Guy Name Match-Up

by SporcleEXP

Mum mum mum mum mummy mummy mummy mummy Lois........Hi.
Remove Ads.
Support Sporcle.
Get the best of Sporcle when you Go Orange. This ad-free experience offers more features, more stats, and more fun while also helping to support Sporcle. Thank you for becoming a member.

Show Comments

Extras

Top Quizzes Today


Score Distribution

Your Account Isn't Verified!

In order to create a playlist on Sporcle, you need to verify the email address you used during registration. Go to your Sporcle Settings to finish the process.

Report this User

Report this user for behavior that violates our Community Guidelines.

Details: